| 000 | 01012nam a2200277Ia 4500 | ||
|---|---|---|---|
| 003 | OSt | ||
| 005 | 20221005111227.0 | ||
| 006 | a|||||r|||| 00| 0 | ||
| 007 | ta | ||
| 008 | 221004b |||||||| |||| 00| 0 hin d | ||
| 020 |
_a9789350723159 (hbk) _c300 |
||
| 024 | _a7173 | ||
| 037 |
_b92, 05/09/2013, Vani Prakashan _cTextual |
||
| 040 |
_aCRL _cCRL _bhin |
||
| 041 |
_2hin _ahin |
||
| 082 | _aO155,3N56,ZH, 152Q2 | ||
| 100 | _aलिंबाले, शरणकुमार | ||
| 245 | 0 | _aझुंड | |
| 246 | _aZuanḍa | ||
| 260 |
_aनई दिल्ली _bवाणी प्रकाशन भारत _c2012 |
||
| 300 |
_a206पृ0 _ccm. |
||
| 650 | _aमराठी साहित्य | ||
| 700 | _a खड़से, दामोदर, अनु. | ||
| 942 |
_hO155,3N56,ZH, 152Q2 _cTEXL _2cc |
||
| 999 |
_c1021201 _d1021201 |
||